Normal view
MARC view
Entry Personal Name
001 - CONTROL NUMBER
- control field: 1236434
003 - CONTROL NUMBER IDENTIFIER
- control field: OSt
005 - DATE AND TIME OF LATEST TRANSACTION
- control field: 20260430150106.0
008 - FIXED-LENGTH DATA ELEMENTS
- fixed length control field: 260430|| aca||aabn | a|a d
040 ## - CATALOGING SOURCE
- Original cataloging agency: OSt
- Transcribing agency: OSt
100 ## - HEADING--PERSONAL NAME
- Personal name: University of Delhi. Faculty of Management studies. Department if Management Studies
670 ## - SOURCE DATA FOUND
- Source citation: Work cat.: (OSt)1848927: Malhotra Priya Au.; Sinha Pankaj Gu. 1236433, Mutual funds in India: alternative measures of performance evaluation, emerging issues and dynamic role of financial intermediation, 2022
